00771nam a2200241Ia 450000500170000000800410001702000150005802000160007302000270008904000700011604100080018624500590019425000110025326000420026430000540030665000330036065000260039365000200041965000170043965000170045665000260047370000300049920180208072047.0130821s2013 enkad fr eng d a0415141338 a041514134 6 a9780415782623 (3a.Ed.) aCo-BoUCMbspacSaul Niño (Modificó)dSaul Niño (Modificó)00aeng04aThe visual culture readercedited by Nicholas Mirzoeff a3rd ed aLondres (Inglaterra)bRoutledgec2013 axxxviii, 686 páginasbilustraciones, gráficas04aArte modernoySiglo XX y XXI04aComunicación visual04aCultura popular04aSociología aArte moderno aComunicación visual1 aMirzoeff, Nicholasd1962-